Kpop group - Statistics

General Stats
  • This quiz has been taken 333 times
  • The average score is 12 of 17
Answers on the Grid
Answers color-coded by a green-red scale on the quiz's grid according to % correct below.
BTS
Lillit
Epex
MCND
ONEUS
Lunar
Blackpink
Enhypen
Bigbang
TXT
BeatTwins
Illit
Aespa
EXE
EXO
Crystal beat
Velvet storm
WEi
Lucel
XG
Pisces
Dreamers
Verivery
Neons
I-DLE
MoonRise
Stray kids
2EN4
LNGSHOT
Lovu
 
Answer Stats
Answer % Correct
Blackpink
85%
Aespa
84%
EXO
84%
Stray kids
84%
TXT
84%
BTS
83%
Enhypen
83%
I-DLE
83%
Illit
81%
Bigbang
80%
LNGSHOT
69%
XG
66%
ONEUS
63%
Epex
38%
WEi
38%
MCND
37%
Verivery
35%
No matching quizzes found
Score Distribution
Percent of People with Each Score
Percentile by Number Answered
Your Score History
You have not taken this quiz